[Event "Strasbourg II-Bischwiller II"]
[Site "Bischwiller"]
[Date "2008.03.16"]
[Round "9.8"]
[White "Bellahcene, Bilel"]
[Black "Roos, Louise"]
[Result "1/2-1/2"]
[WhiteElo "1648"]
[BlackElo "1931"]
[PlyCount "127"]
[EventDate "2008.03.16"]
[SourceDate "2007.10.27"]

1. e4 c5 2. Nf3 d6 3. d4 cxd4 4. Nxd4 Nf6 5. Nc3 Nc6 6. Bg5 e6 7. Qd2 h6 8.
Bxf6 Qxf6 9. Ndb5 Qd8 10. O-O-O a6 11. Nxd6+ Qxd6 12. Qxd6 Bxd6 13. Rxd6 Ke7
14. Rd2 b5 15. Be2 Bb7 16. Rhd1 Rad8 17. f4 Rxd2 18. Rxd2 g5 19. g3 gxf4 20.
gxf4 Rg8 21. Bf3 Rg1+ 22. Rd1 Rxd1+ 23. Kxd1 Nd4 24. Bg2 a5 25. Ne2 Nxe2 26.
Kxe2 e5 27. Ke3 Kd6 28. a3 b4 29. Bf1 bxa3 30. bxa3 Bc6 31. Bc4 f6 32. Bf7 Ba4
33. c3 Bd7 34. Bd5 f5 35. c4 Bc8 36. Bf7 fxe4 37. Kxe4 Bb7+ 38. Ke3 Ke7 39. Bd5
Bxd5 40. cxd5 Kd6 41. f5 Kxd5 42. a4 e4 43. f6 Ke6 44. Kxe4 Kxf6 45. Kf4 Ke6
46. h4 Kf6 47. h5 Ke6 48. Ke4 Kd6 49. Kf5 Kd5 50. Kg6 Ke6 51. Kxh6 Kf6 52. Kh7
Kf7 53. h6 Kf8 54. Kg6 Kg8 55. Kf5 Kh7 56. Ke5 Kxh6 57. Kd5 Kg7 58. Kc5 Kf6 59.
Kb5 Ke7 60. Kxa5 Kd8 61. Kb6 Kc8 62. Ka7 Kc7 63. a5 Kc8 64. Ka6 1/2-1/2

[Event "Saverne-Mundolsheim"]
[Site "Saverne"]
[Date "2008.03.16"]
[Round "9.1"]
[White "Drabke, Lorenz"]
[Black "Anka, Emil"]
[Result "1/2-1/2"]
[WhiteElo "2425"]
[BlackElo "2400"]
[PlyCount "32"]
[EventDate "2008.03.16"]
[SourceDate "2007.10.27"]

1. e4 c5 2. Nf3 d6 3. Bb5+ Nd7 4. d4 cxd4 5. Qxd4 Ngf6 6. Bg5 a6 7. Bxf6 gxf6
8. Bxd7+ Bxd7 9. Nc3 e6 10. O-O Be7 11. Kh1 Qa5 12. Rad1 Rg8 13. Qd3 O-O-O 14.
Rd2 Kb8 15. Nd4 Rc8 16. f4 Qb4 1/2-1/2

[Event "Saverne-Mundolsheim"]
[Site "Saverne"]
[Date "2008.03.16"]
[Round "9.2"]
[White "Bogner, Sebastian"]
[Black "Lisanti, Andre"]
[Result "1-0"]
[WhiteElo "2401"]
[BlackElo "2262"]
[PlyCount "61"]
[EventDate "2008.03.16"]
[SourceDate "2007.10.27"]

1. Nf3 Nf6 2. c4 g6 3. Nc3 Bg7 4. e4 O-O 5. d4 d6 6. Be2 e5 7. Be3 Na6 8. O-O
c6 9. d5 Bd7 10. Nd2 Qb8 11. Rb1 Rc8 12. dxc6 bxc6 13. b4 Nc7 14. b5 c5 15. Nd5
Rf8 16. Bg5 Nfxd5 17. cxd5 f6 18. Be3 Qe8 19. a4 a6 20. Nc4 Qe7 21. b6 Ne8 22.
Na5 f5 23. Nc6 Qh4 24. b7 Bxc6 25. dxc6 Rb8 26. c7 Nxc7 27. Qxd6 f4 28. Bxc5 f3
29. Bxf3 Rf7 30. Ba7 Bf8 31. Qxe5 1-0

[Event "Saverne-Mundolsheim"]
[Site "Saverne"]
[Date "2008.03.16"]
[Round "9.3"]
[White "Schlupp, Olivier"]
[Black "Peter, Sebastien"]
[Result "1/2-1/2"]
[WhiteElo "2142"]
[BlackElo "2279"]
[PlyCount "23"]
[EventDate "2008.03.16"]
[SourceDate "2007.10.27"]

1. e4 e6 2. Nf3 b6 3. d4 Bb7 4. Bd3 Nf6 5. e5 Nd5 6. Nc3 c5 7. O-O cxd4 8. Nxd5
Bxd5 9. Nxd4 Nc6 10. Nxc6 Bxc6 11. Re1 Qh4 12. g3 1/2-1/2

[Event "Saverne-Mundolsheim"]
[Site "Saverne"]
[Date "2008.03.16"]
[Round "9.4"]
[White "Briet, Antoine"]
[Black "Ruffenach, Alain"]
[Result "1-0"]
[WhiteElo "2171"]
[BlackElo "2064"]
[PlyCount "57"]
[EventDate "2008.03.16"]
[SourceDate "2007.10.27"]

1. e4 g6 2. d4 Bg7 3. Nc3 d6 4. f4 Nf6 5. Nf3 O-O 6. Bd3 Nbd7 7. O-O c5 8. d5
Qb6 9. Kh1 Ng4 10. Qe1 a6 11. Qh4 c4 12. Bxc4 Ne3 13. Bxe3 Qxe3 14. Rae1 Qb6
15. Bb3 Qc7 16. e5 dxe5 17. d6 Qxd6 18. fxe5 Nxe5 19. Nxe5 Bxe5 20. Ne4 Qc7 21.
Ng5 h5 22. Qe4 Bf5 23. Rxf5 e6 24. Rxe5 Rfe8 25. Qf4 Rad8 26. Ne4 Re7 27. Nf6+
Kg7 28. Qg5 Rh8 29. Nd5 1-0

[Event "Saverne-Mundolsheim"]
[Site "Saverne"]
[Date "2008.03.16"]
[Round "9.5"]
[White "Brolly, Pierre Louis"]
[Black "Hoffmann, Regis"]
[Result "0-1"]
[WhiteElo "1994"]
[BlackElo "2127"]
[PlyCount "84"]
[EventDate "2008.03.16"]
[SourceDate "2007.10.27"]

1. e4 d6 2. d4 g6 3. Nc3 Bg7 4. Nf3 Nf6 5. Bc4 O-O 6. Bb3 Bg4 7. Be3 Nc6 8. h3
Bxf3 9. Qxf3 e5 10. dxe5 dxe5 11. Rd1 Nd4 12. Bxd4 exd4 13. O-O Nd7 14. Ne2 c5
15. Qg3 Qb6 16. c3 Qb5 17. c4 Qc6 18. Bc2 b5 19. b3 bxc4 20. bxc4 Ne5 21. Bd3
Rfe8 22. Nf4 Nxd3 23. Nxd3 Rxe4 24. Rb1 Rae8 25. Rb5 Bf8 26. Qf3 a6 27. Rb2 Qa4
28. Rc1 Bh6 29. Nxc5 Re1+ 30. Rxe1 Rxe1+ 31. Kh2 Qxc4 32. Ne4 Rh1+ 33. Kxh1
Qc1+ 34. Kh2 Qxb2 35. Nf6+ Kg7 36. Ne8+ Kf8 37. Nd6 Qxa2 38. Qa8+ Ke7 39. Nc8+
Kf6 40. Qf3+ Kg7 41. Nd6 Qe6 42. Ne4 a5 0-1

[Event "Saverne-Mundolsheim"]
[Site "Saverne"]
[Date "2008.03.16"]
[Round "9.6"]
[White "Duchateau, Thomas"]
[Black "Berring, Alain"]
[Result "1-0"]
[WhiteElo "2133"]
[BlackElo "2030"]
[PlyCount "141"]
[EventDate "2008.03.16"]
[SourceDate "2007.10.27"]

1. d4 Nf6 2. c4 g6 3. Nc3 d5 4. cxd5 Nxd5 5. e4 Nxc3 6. bxc3 Bg7 7. Bc4 O-O 8.
Ne2 c5 9. O-O Nc6 10. Be3 Qc7 11. Rc1 e6 12. Kh1 a6 13. f4 b5 14. Bd3 c4 15.
Bb1 Ne7 16. f5 exf5 17. Ng3 fxe4 18. Bf4 Qb6 19. Nxe4 Nd5 20. Bg5 f6 21. Bd2
Ra7 22. Qf3 Be6 23. Nc5 Bf7 24. Qh3 Rd8 25. Rce1 Re7 26. Rxe7 Nxe7 27. Re1 Nd5
28. Ne6 Bxe6 29. Rxe6 Qa7 30. Be4 f5 31. Bxd5 Rxd5 32. Re8+ Kf7 33. Qxh7 Kxe8
34. Qg8+ Bf8 35. Qxd5 Qb6 36. Bf4 b4 37. Qxc4 bxc3 38. Qxc3 Qb1+ 39. Qc1 Qxa2
40. h3 a5 41. Qc6+ Kf7 42. Kh2 a4 43. d5 Qe2 44. Qxa4 Qe4 45. Qd7+ Kg8 46. Bg3
f4 47. Bh4 f3 48. Qe6+ Qxe6 49. dxe6 Bd6+ 50. g3 Kf8 51. Kg1 Bc5+ 52. Kf1 Ke8
53. Bf6 Be3 54. h4 Kf8 55. g4 Bc5 56. Ke1 Be3 57. h5 gxh5 58. gxh5 Kg8 59. Bh4
Bc5 60. Bg5 Kh7 61. Be3 Be7 62. Kf2 Kg7 63. h6+ Kh7 64. Kxf3 Kg6 65. Ke4 Kh7
66. Kf5 Bd6 67. Kf6 Bb4 68. e7 Bxe7+ 69. Kxe7 Kg8 70. Kf6 Kh7 71. Kg5 1-0

[Event "Saverne-Mundolsheim"]
[Site "Saverne"]
[Date "2008.03.16"]
[Round "9.7"]
[White "Jacquot, Adrien"]
[Black "Martin, Cedric"]
[Result "0-1"]
[WhiteElo "1811"]
[BlackElo "2102"]
[PlyCount "118"]
[EventDate "2008.03.16"]
[SourceDate "2007.10.27"]

1. e4 c5 2. Nf3 d6 3. d4 Nf6 4. Nc3 cxd4 5. Nxd4 a6 6. a4 Nc6 7. Be2 e6 8. Be3
Be7 9. O-O Qc7 10. Qd2 O-O 11. f4 Re8 12. Bf3 Nxd4 13. Bxd4 e5 14. Be3 exf4 15.
Bxf4 Be6 16. Nd5 Nxd5 17. exd5 Bf5 18. c3 Bf6 19. Kh1 Re7 20. Rae1 Rae8 21.
Rxe7 Qxe7 22. Bg3 Bh4 23. Qf4 Bxg3 24. Qxf5 g6 25. Qd3 Qh4 26. h3 Bf4 27. Qd4
Re1 28. Qg1 Be3 29. Rxe1 Bxg1 30. Re8+ Kg7 31. Kxg1 Qxa4 32. Re1 Qb3 33. Kf2 a5
34. Ke3 b5 35. Kf2 a4 36. g3 f5 37. h4 Kf7 38. Bg2 h6 39. Bf3 a3 40. bxa3 Qxc3
41. Re3 Qd2+ 42. Re2 Qd4+ 43. Re3 g5 44. hxg5 hxg5 45. Ke2 Qb2+ 46. Ke1 g4 47.
Be2 Qc1+ 48. Kf2 Qc5 49. Bd1 Kf6 50. Bb3 Kg5 51. Ke2 Qxa3 52. Kd2 Qb2+ 53. Bc2
b4 54. Rb3 Qd4+ 55. Bd3 f4 56. gxf4+ Kxf4 57. Ke1 g3 58. Be2 g2 59. Rf3+ Ke5
0-1

[Event "Saverne-Mundolsheim"]
[Site "Saverne"]
[Date "2008.03.16"]
[Round "9.8"]
[White "Bodlenner, Camille"]
[Black "Kuchly, Audrey"]
[Result "1-0"]
[WhiteElo "1882"]
[BlackElo "1620"]
[PlyCount "117"]
[EventDate "2008.03.16"]
[SourceDate "2007.10.27"]

1. e4 e6 2. d4 d5 3. Nc3 dxe4 4. Nxe4 Bd7 5. Nf3 Bc6 6. Bd3 Nd7 7. c3 Ngf6 8.
Qc2 Be7 9. O-O Nf8 10. a4 Ng6 11. b4 a6 12. Re1 O-O 13. Ne5 Nxe5 14. Nxf6+ Bxf6
15. dxe5 Bg5 16. Bxh7+ Kh8 17. Be4 Bxe4 18. Qxe4 c6 19. Bxg5 Qxg5 20. Re3 Qf5
21. Qh4+ Kg8 22. Rae1 Rfd8 23. Rh3 Kf8 24. Rf3 Qg6 25. Qf4 Rd7 26. Rh3 Rad8 27.
Rh8+ Ke7 28. Qh4+ f6 29. exf6+ Qxf6 30. Qxf6+ Kxf6 31. Rxd8 Rxd8 32. Kf1 Rd3
33. Rc1 Ke5 34. Ke2 Rd8 35. Ke3 g5 36. h3 Kf5 37. Rb1 Rd7 38. b5 cxb5 39. axb5
Rd5 40. bxa6 bxa6 41. Ra1 a5 42. Ra4 Re5+ 43. Kf3 Rc5 44. c4 Ke5 45. Ke3 Kd6
46. g3 Re5+ 47. Kf3 Rc5 48. h4 Rf5+ 49. Ke3 gxh4 50. gxh4 Rh5 51. f4 Rxh4 52.
Rxa5 Rh7 53. Kd4 Rf7 54. Ra6+ Kd7 55. Ra7+ Ke8 56. Rxf7 Kxf7 57. Ke5 Ke7 58. c5
Kd7 59. c6+ 1-0

[Event "Besancon TPG II-Saverne"]
[Site "Epinal"]
[Date "2008.04.05"]
[Round "10.1"]
[White "Naudier, Serge"]
[Black "Uwira, Oliver"]
[Result "0-1"]
[WhiteElo "2258"]
[BlackElo "2305"]
[PlyCount "62"]
[EventDate "2008.04.05"]
[SourceDate "2007.10.27"]

1. e4 c5 2. Nf3 Nc6 3. d4 cxd4 4. Nxd4 Nf6 5. Nc3 e5 6. Ndb5 d6 7. Nd5 Nxd5 8.
exd5 Nb8 9. c4 Be7 10. Be2 a6 11. Nc3 O-O 12. O-O f5 13. f4 Bf6 14. Qc2 Nd7 15.
Qxf5 exf4 16. Qe6+ Kh8 17. Qxd6 Be5 18. Qa3 Re8 19. Bf3 Qc7 20. b4 Qxc4 21. Bb2
Bd6 22. Ne4 Bxb4 23. Qb3 Rxe4 24. Bxe4 Qxe4 25. a3 Bc5+ 26. Kh1 Be3 27. Qc3 Nf6
28. Qc7 Bh3 29. Rf3 Rc8 30. Qxb7 Bxg2+ 31. Kxg2 Rc2+ 0-1

[Event "Besancon TPG II-Saverne"]
[Site "Epinal"]
[Date "2008.04.05"]
[Round "10.2"]
[White "Schlupp, Olivier"]
[Black "Poignot, Quentin"]
[Result "1/2-1/2"]
[WhiteElo "2138"]
[BlackElo "2076"]
[PlyCount "101"]
[EventDate "2008.04.05"]
[SourceDate "2007.10.27"]

1. e4 c5 2. Nc3 a6 3. g3 b5 4. Bg2 Bb7 5. d3 e6 6. Nh3 Nf6 7. O-O d6 8. f4 Qc7
9. g4 Nc6 10. g5 Nd7 11. f5 O-O-O 12. Nf4 Re8 13. Bh3 Nd4 14. Be3 exf5 15. Nfd5
Qd8 16. Bxf5 Nxf5 17. Rxf5 b4 18. Na4 g6 19. Rf3 Bxd5 20. exd5 Bg7 21. c3 Ne5
22. Rg3 Qa5 23. Rc1 b3 24. axb3 h6 25. d4 Nd7 26. dxc5 Rxe3 27. Rxe3 Nxc5 28.
Qg4+ Kb8 29. Rce1 Be5 30. Nxc5 Qxc5 31. Qc4 Qa7 32. Kg2 hxg5 33. h3 f5 34. Rxe5
dxe5 35. Rxe5 Qh7 36. Re3 g4 37. Qc6 gxh3+ 38. Kh2 Qc7+ 39. Qxc7+ Kxc7 40. c4
g5 41. Rxh3 Rxh3+ 42. Kxh3 a5 43. c5 Kd7 44. Kg3 Ke7 45. Kf3 Kd7 46. Ke3 g4 47.
Kf4 Ke7 48. c6 Kd6 49. b4 axb4 50. b3 Kc7 51. Kg3 1/2-1/2

[Event "Besancon TPG II-Saverne"]
[Site "Epinal"]
[Date "2008.04.05"]
[Round "10.3"]
[White "Sonnet, Jean Pierre"]
[Black "Kropp, Volker"]
[Result "1-0"]
[WhiteElo "2126"]
[BlackElo "2088"]
[PlyCount "117"]
[EventDate "2008.04.05"]
[SourceDate "2007.10.27"]

1. e4 c5 2. Nf3 Nc6 3. d3 g6 4. g3 Bg7 5. Bg2 e6 6. O-O Nge7 7. c3 O-O 8. Qe2
Rb8 9. Be3 b6 10. Rd1 Ba6 11. Qc2 Qc8 12. d4 cxd4 13. Nxd4 e5 14. Nxc6 dxc6 15.
Nd2 Qc7 16. Nf1 Rbd8 17. Rxd8 Rxd8 18. Rd1 Rd6 19. Rxd6 Qxd6 20. Qa4 Bxf1 21.
Bxf1 Qd7 22. Qa6 h6 23. a4 f5 24. a5 fxe4 25. axb6 axb6 26. Bxb6 Kh7 27. Qa7
Qe6 28. Bc5 Nf5 29. Qa4 e3 30. fxe3 Qd5 31. Qc4 Qf3 32. Be2 Nxe3 33. Bxf3 Nxc4
34. b4 e4 35. Bxe4 Bxc3 36. Bxc6 Ne5 37. Be4 h5 38. b5 Nd7 39. Ba7 Ba5 40. Kf2
Kh6 41. Be3+ Kg7 42. Bd4+ Kh6 43. Ke2 h4 44. gxh4 Bd8 45. Bc6 Nb6 46. Kf3 Nc4
47. Kg4 Bc7 48. Kh3 Bd8 49. Bd5 Nb6 50. Be6 Bc7 51. Kg4 Na4 52. h3 Bd8 53. Be3+
Kg7 54. h5 gxh5+ 55. Kxh5 Bf6 56. Bb3 Nc3 57. b6 Be5 58. b7 Bb8 59. Bd4+ 1-0

[Event "Besancon TPG II-Saverne"]
[Site "Epinal"]
[Date "2008.04.05"]
[Round "10.4"]
[White "Ruffenach, Alain"]
[Black "Stefanski, Pascal"]
[Result "1-0"]
[WhiteElo "2060"]
[BlackElo "2095"]
[PlyCount "57"]
[EventDate "2008.04.05"]
[SourceDate "2007.10.27"]

1. d4 d5 2. Nf3 Nf6 3. e3 c6 4. Bd3 a6 5. O-O Bg4 6. Nbd2 e6 7. c4 b5 8. b3
Nbd7 9. Qc2 Be7 10. Bb2 Bh5 11. a4 bxc4 12. bxc4 c5 13. Ne5 dxc4 14. Ndxc4 Nxe5
15. Nxe5 cxd4 16. Qc6+ Kf8 17. Bxd4 Nd5 18. Be4 Be2 19. Bxd5 exd5 20. Rfc1 h5
21. Bb6 Qe8 22. Qxd5 Bf6 23. Nxf7 Rh7 24. Bc5+ Be7 25. Bxe7+ Kxe7 26. Rc7+ Kf8
27. Nd6 Rd8 28. Rf7+ Kg8 29. Re7+ 1-0

[Event "Besancon TPG II-Saverne"]
[Site "Epinal"]
[Date "2008.04.05"]
[Round "10.5"]
[White "Lozac'hmeur, Yann"]
[Black "Berring, Alain"]
[Result "1-0"]
[WhiteElo "2047"]
[BlackElo "2015"]
[PlyCount "77"]
[EventDate "2008.04.05"]
[SourceDate "2007.10.27"]

1. d4 Nf6 2. c4 g6 3. Nc3 d5 4. Bf4 Bg7 5. Nf3 O-O 6. e3 c6 7. Be2 Bf5 8. O-O
Nbd7 9. Qb3 Qb6 10. Rfc1 dxc4 11. Bxc4 Qxb3 12. axb3 Nb6 13. Ra5 Ne4 14. Rca1
a6 15. Nxe4 Bxe4 16. Nd2 Bd5 17. Bc7 Nxc4 18. bxc4 Be6 19. Be5 f6 20. Bg3 Rad8
21. b3 Bc8 22. Bc7 Rd7 23. Bb6 f5 24. Nf3 Bf6 25. Rc1 e6 26. Ne1 f4 27. Nd3
fxe3 28. fxe3 Re8 29. Nc5 Rf7 30. Ne4 Be7 31. Raa1 Ref8 32. Rf1 Rf5 33. Bc5
Bxc5 34. dxc5 Rd8 35. Rad1 Rxf1+ 36. Rxf1 e5 37. Nd6 Bf5 38. e4 Bg4 39. Nf7 1-0

[Event "Besancon TPG II-Saverne"]
[Site "Epinal"]
[Date "2008.04.05"]
[Round "10.6"]
[White "Brolly, Pierre Louis"]
[Black "Coulon, Maxcellend"]
[Result "1-0"]
[WhiteElo "2003"]
[BlackElo "2024"]
[PlyCount "61"]
[EventDate "2008.04.05"]
[SourceDate "2007.10.27"]

1. e4 c5 2. Nf3 d6 3. d4 cxd4 4. Nxd4 Nf6 5. Nc3 a6 6. Be3 e6 7. g4 h6 8. Bg2
e5 9. Nf5 Nc6 10. h3 Be6 11. Qd2 Rc8 12. Rd1 Bxf5 13. exf5 Qa5 14. O-O Be7 15.
Qe2 Qb4 16. Rb1 O-O 17. a3 Qa5 18. Rbd1 Qc7 19. h4 Qd8 20. g5 hxg5 21. hxg5 Nh7
22. g6 Nf6 23. Nd5 Re8 24. Nxf6+ Bxf6 25. Bd5 Kf8 26. gxf7 Ke7 27. fxe8=Q+ Qxe8
28. Be6 Ra8 29. Qd3 Nd4 30. Bxd4 Qh5 31. Bb6 1-0

[Event "Besancon TPG II-Saverne"]
[Site "Epinal"]
[Date "2008.04.05"]
[Round "10.7"]
[White "Fevre, Mathieu"]
[Black "Kuchly, Sylvain"]
[Result "1-0"]
[WhiteElo "2040"]
[BlackElo "1750"]
[PlyCount "37"]
[EventDate "2008.04.05"]
[SourceDate "2007.10.27"]

1. e4 Nf6 2. e5 Nd5 3. d4 d6 4. c4 Nb6 5. exd6 cxd6 6. Nc3 g6 7. Be3 Bg7 8. Rc1
O-O 9. Be2 Be6 10. b3 N6d7 11. d5 Qa5 12. Bd2 Bf5 13. g4 Bxg4 14. Bxg4 Ne5 15.
Be2 Qb6 16. Be3 Qa5 17. Qd2 Nbd7 18. f4 Qxc3 19. Rxc3 1-0

[Event "Besancon TPG II-Saverne"]
[Site "Epinal"]
[Date "2008.04.05"]
[Round "10.8"]
[White "Kuchly, Audrey"]
[Black "Jeannerot, Lea"]
[Result "0-1"]
[WhiteElo "1620"]
[BlackElo "1946"]
[PlyCount "122"]
[EventDate "2008.04.05"]
[SourceDate "2007.10.27"]

1. e4 e5 2. Nf3 Nc6 3. Bc4 Bc5 4. c3 Nf6 5. d4 exd4 6. cxd4 Bb4+ 7. Bd2 Bxd2+
8. Nbxd2 d5 9. exd5 Nxd5 10. Bb3 O-O 11. O-O Bg4 12. Qc2 Nce7 13. Rfe1 c6 14.
Ne5 Bf5 15. Qd1 Ng6 16. Qh5 Be6 17. Bc2 Ndf4 18. Qf3 Qxd4 19. Nxg6 Nxg6 20. Ne4
Qxb2 21. Bd3 Ne5 22. Qe3 Nxd3 23. Qxd3 Rad8 24. Qg3 Qd4 25. h4 Kh8 26. Qf3 Bd5
27. Rad1 Bxe4 28. Rxd4 Bxf3 29. Rxd8 Rxd8 30. gxf3 Kg8 31. Re7 Rb8 32. Kg2 a5
33. f4 c5 34. Kf3 c4 35. Ke2 g6 36. Kd2 Rd8+ 37. Kc3 b5 38. Re5 Rd3+ 39. Kc2 b4
40. Rxa5 Rf3 41. Ra4 Rxf2+ 42. Kb1 b3 43. axb3 cxb3 44. Rb4 b2 45. Rc4 Kg7 46.
Re4 Kf6 47. Rd4 h6 48. Rb4 Kf5 49. Rc4 Rxf4 50. Rc5+ Kg4 51. Kxb2 Kxh4 52. Kc3
g5 53. Kd3 h5 54. Ke3 Kg4 55. Rc1 Rf3+ 56. Ke4 f5+ 57. Ke5 f4 58. Rg1+ Rg3 59.
Rf1 h4 60. Ke4 h3 61. Rh1 Re3+ 0-1

[Event "Metz Fischer II-Strasbourg II"]
[Site "Epinal"]
[Date "2008.04.05"]
[Round "10.1"]
[White "Vandevoort, Pascal"]
[Black "Reinhart, Emmanuel"]
[Result "1/2-1/2"]
[WhiteElo "2398"]
[BlackElo "2298"]
[PlyCount "83"]
[EventDate "2008.04.05"]
[SourceDate "2007.10.27"]

1. d4 d5 2. Bf4 Nf6 3. e3 Bf5 4. c4 c6 5. Nc3 Qb6 6. Qb3 dxc4 7. Bxc4 e6 8. Nf3
Nbd7 9. h3 Nd5 10. Bh2 Qxb3 11. Bxb3 Bb4 12. Rc1 Nxc3 13. bxc3 Ba3 14. Rd1 a5
15. O-O Bb2 16. e4 Bxe4 17. Nd2 Bd3 18. Rfe1 a4 19. Bc4 Bc2 20. Rc1 Bxc1 21.
Rxc1 Bg6 22. Bd6 O-O-O 23. Be2 Nf6 24. Be5 Nd5 25. Bxg7 Rhg8 26. Be5 f6 27. Bg3
Kd7 28. Bf3 Ke7 29. Ne4 Bxe4 30. Bxe4 f5 31. Bf3 Rd7 32. Be5 Ra8 33. Be2 Nf6
34. f3 Ra5 35. g4 fxg4 36. hxg4 Rxe5 37. dxe5 Nd5 38. Kf2 Nf4 39. Ke3 Ng2+ 40.
Kf2 Nf4 41. Ke3 Ng2+ 42. Kf2 1/2-1/2

[Event "Metz Fischer II-Strasbourg II"]
[Site "Epinal"]
[Date "2008.04.05"]
[Round "10.2"]
[White "Horvath, Laszlo"]
[Black "Cekro, Ekrem"]
[Result "1/2-1/2"]
[WhiteElo "2229"]
[BlackElo "2414"]
[PlyCount "28"]
[EventDate "2008.04.05"]
[SourceDate "2007.10.27"]

1. e4 d6 2. d4 Nf6 3. f3 Nbd7 4. Be3 e5 5. d5 g6 6. Qd2 Bg7 7. c4 O-O 8. Nc3
Ne8 9. O-O-O f5 10. Bd3 f4 11. Bf2 Qe7 12. Nge2 c5 13. a4 Nc7 14. b3 a6 {
suite illisible} 1/2-1/2

[Event "Metz Fischer II-Strasbourg II"]
[Site "Epinal"]
[Date "2008.04.05"]
[Round "10.3"]
[White "Goossens, Etienne"]
[Black "Schwicker, Francois"]
[Result "1-0"]
[WhiteElo "2278"]
[BlackElo "2216"]
[PlyCount "54"]
[EventDate "2008.04.05"]
[SourceDate "2007.10.27"]

1. e4 e5 2. Nf3 Nc6 3. d4 exd4 4. Nxd4 Nf6 5. Nxc6 bxc6 6. e5 Qe7 7. Qe2 Nd5 8.
c4 Nb6 9. Nc3 Qe6 10. Qe4 Be7 11. Bd3 d5 12. exd6 cxd6 13. O-O Bd7 14. Bf4 f5
15. Qd4 Kf7 16. Rfe1 Qf6 17. Rxe7+ Qxe7 18. Bxd6 c5 19. Bxc5 Qe6 20. Bd6 Bc6
21. c5 Rad8 22. Bc2 Qf6 23. Bb3+ Kg6 24. Qf4 Rhe8 25. Qg3+ Kh6 26. Bf7 g5 27.
Bxe8 Bf3 1-0

[Event "Metz Fischer II-Strasbourg II"]
[Site "Epinal"]
[Date "2008.04.05"]
[Round "10.4"]
[White "Letzelter, Jean Claude"]
[Black "Hisler, Thomas"]
[Result "0-1"]
[WhiteElo "2174"]
[BlackElo "2259"]
[PlyCount "76"]
[EventDate "2008.04.05"]
[SourceDate "2007.10.27"]

1. e4 e5 2. Nf3 Nc6 3. d3 Nf6 4. Be2 d5 5. exd5 Nxd5 6. O-O Be7 7. Re1 O-O 8.
Bf1 Bf6 9. h3 Re8 10. Nbd2 g6 11. Nc4 Bg7 12. a3 a5 13. Bg5 f6 14. Bc1 a4 15.
g3 g5 16. Bg2 Be6 17. h4 g4 18. Nh2 Qd7 19. c3 f5 20. Qc2 b5 21. Ne3 Nde7 22.
Qe2 Rad8 23. f3 h5 24. Nc2 Bb3 25. fxg4 hxg4 26. Bf1 f4 27. Kf2 Nf5 28. gxf4
g3+ 29. Kg1 exf4 30. Ne3 gxh2+ 31. Qxh2 fxe3 32. d4 Ncxd4 33. cxd4 Qxd4 34. Bh3
Nxh4 35. Qg3 Bd5 36. Bxe3 Nf3+ 37. Qxf3 Bxf3 38. Bxd4 Bxd4+ 0-1

[Event "Metz Fischer II-Strasbourg II"]
[Site "Epinal"]
[Date "2008.04.05"]
[Round "10.5"]
[White "Staeger, Pascal"]
[Black "Ricter, Jean Paul"]
[Result "1-0"]
[WhiteElo "2112"]
[BlackElo "2159"]
[PlyCount "97"]
[EventDate "2008.04.05"]
[SourceDate "2007.10.27"]

1. e4 d6 2. d4 Nf6 3. Nc3 Nbd7 4. Nf3 e5 5. Bc4 Be7 6. O-O O-O 7. a4 a5 8. Re1
c6 9. h3 Qc7 10. Ba2 exd4 11. Nxd4 Nc5 12. Bf4 Be6 13. g4 Bxa2 14. Rxa2 Ne6 15.
Bh2 g6 16. Kg2 Qb6 17. Nb3 Rad8 18. Qd2 h5 19. f3 hxg4 20. hxg4 d5 21. e5 Nd7
22. Ne2 Kg7 23. Rh1 Rh8 24. Qxa5 Ra8 25. Qd2 Qb4 26. Qxb4 Bxb4 27. c3 Be7 28.
a5 c5 29. Rd1 Nb6 30. Bg1 Nc4 31. Rxd5 Rhd8 32. Rxd8 Rxd8 33. f4 Nd2 34. Nxd2
Rxd2 35. Kf3 Rd3+ 36. Ke4 c4 37. Ra4 Rd2 38. Kf3 Rd3+ 39. Ke4 Rd2 40. Ke3 Rd3+
41. Kf2 Bh4+ 42. Kg2 Rd2 43. Kf3 Rd3+ 44. Be3 Bd8 45. Rxc4 Bxa5 46. Ke4 Rd1 47.
f5 gxf5+ 48. gxf5 Nd8 49. b4 1-0

[Event "Metz Fischer II-Strasbourg II"]
[Site "Epinal"]
[Date "2008.04.05"]
[Round "10.7"]
[White "Hartmann, Dominique"]
[Black "Roos, Louise"]
[Result "1/2-1/2"]
[WhiteElo "1974"]
[BlackElo "1911"]
[PlyCount "114"]
[EventDate "2008.04.05"]
[SourceDate "2007.10.27"]

1. d4 d5 2. Nf3 e6 3. e3 c5 4. b3 Nf6 5. Bd3 Nc6 6. O-O Bd6 7. Nbd2 cxd4 8.
exd4 Qc7 9. Bb2 O-O 10. a3 a5 11. Re1 Ng4 12. Nf1 e5 13. dxe5 Bc5 14. Ne3 Nxe3
15. fxe3 Bg4 16. h3 Bxf3 17. Qxf3 Nxe5 18. Bxh7+ Kxh7 19. Qf5+ Kg8 20. Qxe5
Qxe5 21. Bxe5 Rfe8 22. Bd4 Rac8 23. Bxc5 Rxc5 24. Rad1 Rxc2 25. Rxd5 Rc3 26.
Rb5 Re7 27. Kf2 a4 28. bxa4 Rxa3 29. a5 Re6 30. Rxb7 Rxa5 31. Reb1 Rae5 32.
R1b3 Rf5+ 33. Kg1 Rg5 34. Rb8+ Kh7 35. R8b7 Kg6 36. R7b6 Rge5 37. Rxe6+ Rxe6
38. Kf2 Re4 39. Kf3 Ra4 40. e4 f6 41. g4 Ra1 42. Re3 Rd1 43. Kf4 Rf1+ 44. Rf3
Ra1 45. h4 Rh1 46. h5+ Kf7 47. Kf5 Rb1 48. e5 Rb5 49. Re3 fxe5 50. Rxe5 Rb6 51.
g5 Ra6 52. g6+ Kf8 53. Kg5 Ra1 54. Rf5+ Kg8 55. Rb5 Ra8 56. h6 Rc8 57. hxg7
Kxg7 1/2-1/2

[Event "Metz Fischer II-Strasbourg II"]
[Site "Epinal"]
[Date "2008.04.05"]
[Round "10.8"]
[White "Ouadi, Ali"]
[Black "Lupfer, Anny"]
[Result "1-0"]
[WhiteElo "1915"]
[BlackElo "1697"]
[PlyCount "61"]
[EventDate "2008.04.05"]
[SourceDate "2007.10.27"]

1. d4 d5 2. c4 c6 3. Nc3 Nf6 4. e3 e6 5. Nf3 Be7 6. Bd3 a6 7. e4 dxc4 8. Bxc4
b5 9. Bd3 Bb7 10. e5 Nd5 11. Nxd5 Qxd5 12. Qc2 g6 13. Be4 Qd8 14. Bh6 Bb4+ 15.
Bd2 Bxd2+ 16. Qxd2 Nd7 17. Rc1 Rc8 18. O-O Qe7 19. Rc3 b4 20. Rb3 f5 21. Bd3 c5
22. Rc1 O-O 23. Ng5 a5 24. Bc4 Bd5 25. Bxd5 exd5 26. Rh3 cxd4 27. Nxh7 Rxc1+
28. Qxc1 Re8 29. f4 Qd8 30. Qc6 Kf7 31. Ng5+ 1-0

[Event "Montrevel en Bresse-Epinal"]
[Site "Epinal"]
[Date "2008.04.05"]
[Round "10.1"]
[White "Janev, Evgeni"]
[Black "Okhotnik, Vladimir"]
[Result "*"]
[WhiteElo "2472"]
[BlackElo "2458"]
[PlyCount "77"]
[EventDate "2008.04.05"]
[SourceDate "2007.10.27"]

1. e4 c5 2. Nf3 Nc6 3. Bb5 g6 4. Bxc6 dxc6 5. d3 Bg7 6. h3 e5 7. Be3 b6 8. Qd2
h6 9. Qc3 Qc7 10. a3 a5 11. Nbd2 Be6 12. O-O Ne7 13. b4 axb4 14. axb4 Rxa1 15.
Rxa1 cxb4 16. Qxb4 Nc8 17. Nb1 c5 18. Qb2 O-O 19. Nc3 f5 20. Nb5 Qd8 21. Re1
fxe4 22. Nxe5 exd3 23. cxd3 Ne7 24. d4 Bxe5 25. Bxh6 Rf5 26. dxe5 Rh5 27. Bf4
Nd5 28. Bg3 Nb4 29. Ra1 Rh7 30. Nd6 Rc7 31. Qe2 Kh7 32. Rd1 c4 33. Qe4 Nd3 34.
Bh4 Qf8 35. Bf6 Nc5 36. Qd4 Nd7 37. Ne4 Nxf6 38. Nxf6+ Kg7 39. Qxb6 {
suite illisible} *

[Event "Montrevel en Bresse-Epinal"]
[Site "Epinal"]
[Date "2008.04.05"]
[Round "10.2"]
[White "Bastian, Herbert"]
[Black "Ivanov, Jordan"]
[Result "1/2-1/2"]
[WhiteElo "2369"]
[BlackElo "2411"]
[PlyCount "109"]
[EventDate "2008.04.05"]
[SourceDate "2007.10.27"]

1. e4 c5 2. Nc3 Nc6 3. g3 g6 4. Bg2 Bg7 5. d3 Rb8 6. f4 d6 7. Nf3 e6 8. O-O
Nge7 9. Be3 Nd4 10. Bf2 Nec6 11. Rb1 O-O 12. a3 b6 13. Nh4 f5 14. b4 Bd7 15.
Qd2 a5 16. b5 Ne7 17. a4 Kh8 18. Rfe1 Rc8 19. Ne2 e5 20. c3 Ne6 21. exf5 gxf5
22. fxe5 dxe5 23. d4 cxd4 24. cxd4 e4 25. d5 Nc5 26. Nf4 Ng8 27. Nh5 Be5 28.
Bd4 Qe7 29. Bxe5+ Qxe5 30. Nf3 Qd6 31. Qd4+ Nf6 32. Nxf6 Qxf6 33. Qxf6+ Rxf6
34. Ne5 Re8 35. Nxd7 Nxd7 36. Rbd1 Rd6 37. Bh3 Re5 38. Rf1 Rdxd5 39. Rxd5 Rxd5
40. Bxf5 Nc5 41. g4 Kg7 42. Kg2 h5 43. Kg3 hxg4 44. Kxg4 Kh6 45. Kf4 Rd4 46.
Rg1 Rxa4 47. Rg6+ Kh5 48. Rxb6 e3+ 49. Kxe3 Kg5 50. Bc2 Rb4 51. Rg6+ Kh4 52.
Rh6+ Kg5 53. Rd6 Nb7 54. Rd5+ Kf6 55. Bd3 1/2-1/2